Commonwealth forestry and environmental histiry: Empire Forests and colonial environments in Africa the Carribean South asia and New Zealand (Record no. 1225588)

MARC details
000 -LEADER
fixed length control field 00779nam a2200217Ia 4500
005 - DATE AND TIME OF LATEST TRANSACTION
control field 20241129104352.0
008 - FIXED-LENGTH DATA ELEMENTS--GENERAL INFORMATION
fixed length control field 241129s9999||||xx |||||||||||||| ||und||
020 ## - INTERNATIONAL STANDARD BOOK NUMBER
International Standard Book Number 9789389850178
037 ## - SOURCE OF ACQUISITION
Stock number Textual
040 ## - CATALOGING SOURCE
Original cataloging agency RTL
Language of cataloging eng
Transcribing agency RTL
041 ## - LANGUAGE CODE
Language code of text/sound track or separate title eng
Source of code eng
084 ## - COLON CLASSIFICATION NUMBER
Classification number X9(JB):G:55) R0
Assigning agency RTL
100 ## - MAIN ENTRY--PERSONAL NAME
Personal name Damodaran Vinita; D'Souza Rohan
9 (RLIN) 726052
245 #0 - TITLE STATEMENT
Title Commonwealth forestry and environmental histiry: Empire Forests and colonial environments in Africa the Carribean South asia and New Zealand
Statement of responsibility, etc. Damodaran Vinita; D'Souza Rohan
260 ## - PUBLICATION, DISTRIBUTION, ETC.
Place of publication, distribution, etc. New Delhi
Name of publisher, distributor, etc. Primus Books
Date of publication, distribution, etc. 2020
300 ## - PHYSICAL DESCRIPTION
Extent xvii,589p.
365 ## - TRADE PRICE
Price type code INR
Price amount 1895
650 ## - SUBJECT ADDED ENTRY--TOPICAL TERM
Topical term or geographic name entry element Environmental History and Colonialism
9 (RLIN) 726053
942 ## - ADDED ENTRY ELEMENTS (KOHA)
Koha item type Textbook
Classification part X9(JB):G:55) R0
Holdings
Withdrawn status Lost status Damaged status Not for loan Home library Current library Date acquired Source of acquisition Cost, normal purchase price Inventory number Total Checkouts Full call number Barcode Date last seen Price effective from Koha item type
        Ratan Tata Library Ratan Tata Library 2024-11-29 Ansh Book International 1895.00 02071 & 23/2/23   X9(JB):G:55) R0 RT1585053 2024-11-29 2024-11-29 Textbook
Copyright @ Delhi University Library System